000 00711cam a2200229 4500
001 ABS63670
008 000000n2001 000 0 eng u
035 _a(Sirsi) u111926
245 _aRegional survey: Norfolk & Suffolk
260 _c2001
490 _aProperty Week
_v66(14) 6 April 2001, 63-70(6)
590 _aABS
650 _aNORFOLK
650 _aSUFFOLK
650 _aIPSWICH
650 _aINDUSTRIAL MARKET
650 _aSHOPPING CENTRES
650 _aPROPERTY-COMMERCIAL PROPERTY-RETAIL PROPERTY-RETAIL PROPERTY MARKET
650 _aPROPERTY-COMMERCIAL PROPERTY-OFFICE PROPERTY-OFFICE PROPERTY MARKET
690 _aPROPERTY-COMMERCIAL PROPERTY-COMMERCIAL PROPERTY MARKET
942 _n0
999 _c66700
_d66700